| 000 | 00571nam a2200229Ia 4500 | ||
|---|---|---|---|
| 003 | OSt | ||
| 005 | 20221007082342.0 | ||
| 006 | a|||||r|||| 00| 0 | ||
| 007 | ta | ||
| 008 | 221006b |||||||| |||| 00| 0 eng d | ||
| 024 | _a29,770 | ||
| 037 | _cTextual | ||
| 040 |
_aFLL _cFLL _beng |
||
| 041 |
_2eng _aeng |
||
| 082 | _aY15:(V73:2:9Z), L7 | ||
| 100 |
_aBrown B.A. _9699034 |
||
| 245 | 0 | _aWomen's rights and the law | |
| 260 | _c1977 | ||
| 300 |
_a432p _ccm. |
||
| 942 |
_hY15:(V73:2:9Z), L7 _cTEXL _2CC |
||
| 999 |
_c1166155 _d1166155 |
||